| 000 | 00510nam a2200193Ia 4500 | ||
|---|---|---|---|
| 005 | 20231122103155.0 | ||
| 008 | 131103s9999 xx 000 0 und d | ||
| 020 | _a0-7183-0379-2 | ||
| 040 | _aLoreto College | ||
| 041 | _aEnglish | ||
| 082 |
_aF _bVAL |
||
| 100 | _aBaker,Denys Val | ||
| 245 |
_aMartin's cottage _b a novella of Cornwell and other stories _cDenys Val Baker |
||
| 260 |
_aLondon _bWilliam Kimber _c1983 |
||
| 300 | _a189p | ||
| 650 | _aEnglish Fiction | ||
| 850 | _aLCLIB | ||
| 942 | _cBK | ||
| 999 |
_c18562 _d69041 |
||